00758nam a2200241Ia 4500003000400000005001700004008004100021020001800062040000700080041000800087082002300095100006800118245002500186250000600211260003800217300002200255365001400277650002200291906002200313942001200335999001900347952015000366OSt20230506134920.0210423s2007 xx 000 0 und d a9780716767640 cAL aeng a616.079223b KINK aKINDT (Thomas J);GOLDSBY (Richard A);OSBORNE (Barbara A)999439 aKuby immunology Ed 6 a6 aNew YorkbW H Freeman & Co.c2007 axxii,574,I-27bPB b3869cINR aImmunology999440 aimmunology ; Kuby 2ddccBK c163777d163777 001040708BTaSACPGbSACPGd2008-09-24eKnowledge Worldg3869.00l3m1o616.079 KINKpPG010274r2022-08-24 00:00:00s2022-07-04w2021-04-26yBK